Impacto económico de la crisis Covid-19 sobre la mipyme en Ecuador /

Detalles Bibliográficos
Otros Autores: Araque Jaramillo, Wilson (Editor)
Formato: Electrónico eBook
Lenguaje:español
Publicado: Cuenca, Ecuador : Universidad del Azuay, Casa Editora, 2022.
Materias:
Acceso en línea:Digitalia Hispánica

MARC

LEADER 00000nam a2200000Ii 4500
001 DIGUAZUAY0142
003 NyNyDIG
006 m o d
007 cr |||||||||||
008 251104s2022 ec a o 000 0 spa d
035 |a (OCoLC)1438860409 
040 |a DGITA  |b eng  |e rda  |e pn  |c DGITA 
020 |a 9789942847904  |q eBook 
020 |z 9789942847911 
043 |a s-ec--- 
050 1 4 |a HC59.3 ebook 
245 0 0 |a Impacto económico de la crisis Covid-19 sobre la mipyme en Ecuador /  |c coordinación, Wilson Araque Jaramillo [and 4 others]. 
264 1 |a Cuenca, Ecuador :  |b Universidad del Azuay, Casa Editora,  |c 2022. 
300 |a 1 online resource :  |b illustrations. 
336 |a text  |b txt  |2 rdacontent 
337 |a computer  |b c  |2 rdamedia 
338 |a online resource  |b cr  |2 rdacarrier 
347 |a text file  |2 rdaft 
347 |b PDF 
588 0 |a Online resource; title from PDF title page (Digitalia, viewed November 4, 2025) 
650 0 |a COVID-19 Pandemic, 2020-2023  |x Economic aspects  |z Ecuador. 
650 0 |a Small business  |x Economic aspects  |z Ecuador. 
700 1 |a Araque Jaramillo, Wilson,  |e editor. 
791 2 |a Digitalia (Firm),  |e distributor. 
793 0 |g Digitalia eBook Collection:  |a Universidad del Azuay 
776 0 8 |i Print version:  |t Impacto económico de la crisis Covid-19 sobre la mipyme en Ecuador.  |d Cuenca, Ecuador : Universidad del Azuay, Casa Editora, 2022  |z 9789942847911 
856 4 0 |3 Digitalia Hispánica  |u https://www.digitaliapublishing.com/a/133527/ 
910 |a Premium collection: 2025